[Event "VEN-ch U14 Girls 3rd"]
[Site "San Antonio"]
[Date "2016.04.02"]
[Round "3.6"]
[White "Rondon Nadiel, Dairenys Yolanda"]
[Black "Naranjo Nunez, Emily"]
[Result "1-0"]
[WhiteElo "1360"]
[BlackElo "1446"]
[PlyCount "99"]
[EventDate "2016.04.01"]
[EventType "swiss"]
[EventRounds "7"]
[EventCountry "VEN"]
[SourceTitle "EXT 2022"]
[Source "ChessBase"]
[SourceDate "2021.10.06"]
[SourceVersion "1"]
[SourceVersionDate "2021.10.06"]
[SourceQuality "1"]

1. e4 e5 2. Nf3 Nc6 3. d4 exd4 4. Nxd4 Bc5 5. Nb3 d6 6. Nxc5 dxc5 7. Qxd8+ Nxd8 8. Nc3 Ne6 9. Be3 Bd7 10. f4 0-0-0 11. Bc4 Nd4 12. 0-0-0 Be6 13. Bxe6+ fxe6 14. Rd2 Ne7 15. Rhd1 Nec6 16. Ne2 Nxe2+ 17. Rxe2 Rxd1+ 18. Kxd1 Rd8+ 19. Rd2 Rxd2+ 20. Kxd2 b6 21. a3 e5 22. f5 Nd4 23. c3 Nb3+ 24. Kd3 Kd7 25. Kc4 Na5+ 26. Kd5 c6+ 27. Kxe5 Nc4+ 28. Kf4 Nxb2 29. e5 Nc4 30. Bc1 h6 31. h4 Ke7 32. g4 b5 33. g5 hxg5+ 34. hxg5 a6 35. f6+ gxf6 36. exf6+ Ke6 37. Kg4 Ne5+ 38. Kh5 Kf5 39. Kh6 Nf7+ 40. Kg7 Nd8 41. f7 Ne6+ 42. Kg8 Kg6 43. f8Q Nxf8 44. Kxf8 a5 45. Ke7 b4 46. a4 b3 47. Kd6 b2 48. Bxb2 Kxg5 49. Kxc5 Kf6 50. Kxc6 1-0